Versos y prosas (Record no. 135598)

MARC details
000 -LEADER
campo de control de longitud fija 00708nam a2200217 i 4500
001 - NÚMERO DE CONTROL
campo de control 135598
003 - IDENTIFICADOR DE NÚMERO DE CONTROL
campo de control ES-MaACL
005 - FECHA Y HORA DE LA ÚLTIMA TRANSACCIÓN
campo de control 20230906194919.0
007 - CAMPO FIJO DE DESCRIPCIÓN FÍSICA--INFORMACIÓN GENERAL
campo de control de longitud fija t|
008 - DATOS DE LONGITUD FIJA--INFORMACIÓN GENERAL
campo de control de longitud fija 070720s1966 sp ||||1| spa d
080 ## - NÚMERO DE LA CLASIFICACIÓN DECIMAL UNIVERSAL
Número de la Clasificación Decimal Universal 86.0(72)-821"19"
100 1# - ENTRADA PRINCIPAL--NOMBRE DE PERSONA
Nombre de persona Torres Bodet, Jaime.
9 (RLIN) 110929
245 10 - MENCIÓN DEL TÍTULO
Título Versos y prosas
Resto del título : introducción, selecciones y bibliografía de Sonja Karsen /
Mención de responsabilidad, etc. Jaime Torres Bodet.
260 ## - PUBLICACIÓN, DISTRIBUCIÓN, ETC.
Lugar de publicación, distribución, etc. Madrid :
Nombre del editor, distribuidor, etc. Iberoamericanas,
Fecha de publicación, distribución, etc. 1966.
300 ## - DESCRIPCIÓN FÍSICA
Extensión 308 p. ;
Dimensiones 20 cm.
490 1# - MENCIÓN DE SERIE
Mención de serie Biblioteca de autores hispanoamericanos
700 1# - ENTRADA AGREGADA--NOMBRE PERSONAL
Nombre de persona Karsen, Sonja.
9 (RLIN) 67583
830 0# - PUNTO DE ACCESO ADICIONAL DE SERIE-TÍTULO UNIFORME
Título uniforme Biblioteca de autores hispanoamericanos
9 (RLIN) 187606
852 ## - LOCALIZACIÓN
Ubicación ES-MaACL
Número de control de estantería C-30404
Sublocalización o colección R.60515
Holdings
Estatus retirado Estado de pérdida Estado de daño No para préstamo Biblioteca de origen Biblioteca actual Ubicación en estantería Fecha de adquisición Fuente de adquisición Total de préstamos Signatura topográfica completa Código de barras Visto por última vez Precio de reemplazo Tipo de ítem Koha
        Biblioteca del Ateneo de Madrid Biblioteca del Ateneo de Madrid Depósito 2 17/01/2008     C-30404 1141126 23/02/2023 23/02/2023 Libro impreso